[Event "NRW Class1 1415"]
[Site "Germany"]
[Date "2014.11.16"]
[Round "3.7"]
[White "Prueske, Wolfgang"]
[Black "Krings, Christoph"]
[Result "0-1"]
[WhiteElo "2058"]
[BlackElo "2093"]
[PlyCount "58"]
[EventDate "2014.09.14"]
[EventType "team-tourn"]
[EventRounds "9"]
[EventCountry "GER"]
[SourceTitle "EXT 2017"]
[Source "ChessBase"]
[SourceDate "2016.10.25"]
[SourceVersion "1"]
[SourceVersionDate "2016.10.25"]
[SourceQuality "1"]
[WhiteTeam "Dortmund Hansa II"]
[BlackTeam "Erkenschwick"]
[WhiteTeamCountry "GER"]
[BlackTeamCountry "GER"]

1. e4 e6 2. d4 d5 3. Nc3 Nf6 4. e5 Nfd7 5. Nce2 c5 6. c3 Nc6 7. f4 a5 8. Nf3 Be7 9. g3 0-0 10. Bh3 a4 11. 0-0 cxd4 12. cxd4 Nb6 13. Rf2 Nc4 14. Nc3 Qa5 15. Bf1 a3 16. Bxc4 dxc4 17. Nb1 axb2 18. Bxb2 b5 19. a3 Rd8 20. Qc1 Qb6 21. Nbd2 Bb7 22. a4 Nxd4 23. Nxd4 Rxd4 24. axb5 Rxa1 25. Bxa1 Rd3 26. Nxc4 Qxb5 27. Kf1 Rb3 28. Rb2 Rxb2 29. Bxb2 Bd5 0-1

[Event "Oberliga NRW 1314"]
[Site "Germany"]
[Date "2014.04.06"]
[Round "8.7"]
[White "Krings, Christoph"]
[Black "Meertens, Martin"]
[Result "0-1"]
[WhiteElo "2112"]
[BlackElo "2133"]
[PlyCount "92"]
[EventDate "2013.09.15"]
[EventType "team-tourn"]
[EventRounds "9"]
[EventCountry "GER"]
[SourceTitle "EXT 2015"]
[Source "ChessBase"]
[SourceDate "2014.11.20"]
[SourceVersion "1"]
[SourceVersionDate "2014.11.20"]
[SourceQuality "1"]
[WhiteTeam "Erkenschwick"]
[BlackTeam "Koeln SF"]
[WhiteTeamCountry "GER"]
[BlackTeamCountry "GER"]

1. d4 Nf6 2. Nf3 e6 3. g3 c5 4. Bg2 cxd4 5. 0-0 a6 6. Nxd4 Qc7 7. e4 Nc6 8. Nxc6 bxc6 9. c4 Bc5 10. Nc3 e5 11. Bg5 d6 12. Qd2 Be6 13. b3 Nd7 14. Be3 Bxe3 15. Qxe3 0-0 16. Rfd1 Rfd8 17. Rd2 Nc5 18. f4 f6 19. Rad1 a5 20. f5 Bf7 21. Bf1 Rab8 22. Rb1 Rb4 23. g4 h6 24. h4 a4 25. g5 hxg5 26. hxg5 Kf8 27. Rg2 Ke7 28. Rbb2 axb3 29. axb3 Rxb3 30. Rxb3 Nxb3 31. gxf6+ gxf6 32. Rg7 Qb8 33. Kf2 Nc5 34. Be2 Rg8 35. Rh7 Qb2 36. Nd1 Qd4 37. Rh4 Ra8 38. Ke1 Ra1 39. Qxd4 exd4 40. Kd2 Ra2+ 41. Ke1 d3 42. Bf3 Nd7 43. Ne3 Ne5 44. Bd1 Bxc4 45. Rh7+ Kf8 46. Nxc4 Nxc4 0-1

[Event "Oberliga NRW 1213"]
[Site "Germany"]
[Date "2012.09.16"]
[Round "1.6"]
[White "Krings, Christoph"]
[Black "Imcke, Patrick"]
[Result "1/2-1/2"]
[WhiteElo "2121"]
[BlackElo "1998"]
[PlyCount "40"]
[EventDate "2012.09.16"]
[EventType "team-tourn"]
[EventRounds "9"]
[EventCountry "GER"]
[SourceTitle "EXT 2017"]
[Source "ChessBase"]
[SourceDate "2016.10.25"]
[SourceVersion "1"]
[SourceVersionDate "2016.10.25"]
[SourceQuality "1"]
[WhiteTeam "Erkenschwick"]
[BlackTeam "Katernberg II"]
[WhiteTeamCountry "GER"]
[BlackTeamCountry "GER"]

1. d4 Nf6 2. Nf3 g6 3. c4 Bg7 4. Nc3 d5 5. g3 c5 6. cxd5 Nxd5 7. Bg2 Nc6 8. Nxd5 Qxd5 9. dxc5 Qxd1+ 10. Kxd1 Bf5 11. Nd2 0-0-0 12. Bxc6 bxc6 13. f3 Bd4 14. e4 Be6 15. Kc2 Bxc5 16. b3 Bd4 17. Rb1 Rd7 18. Nc4 Rhd8 19. Rd1 Bh3 20. Be3 c5 1/2-1/2

[Event "Oberliga NRW 1112"]
[Site "Germany"]
[Date "2012.02.05"]
[Round "6.6"]
[White "Ahn, Martin"]
[Black "Krings, Christoph"]
[Result "1/2-1/2"]
[WhiteElo "2248"]
[BlackElo "2121"]
[PlyCount "79"]
[EventDate "2011.09.18"]
[EventType "team-tourn"]
[EventRounds "9"]
[EventCountry "GER"]
[SourceTitle "EXT 2015"]
[Source "ChessBase"]
[SourceDate "2014.11.20"]
[SourceVersion "1"]
[SourceVersionDate "2014.11.20"]
[SourceQuality "1"]
[WhiteTeam "Aachen SV"]
[BlackTeam "Erkenschwick"]
[WhiteTeamCountry "GER"]
[BlackTeamCountry "GER"]

1. d4 e6 2. c4 f5 3. g3 d6 4. Nf3 Nf6 5. Nc3 Be7 6. Bg2 0-0 7. 0-0 a5 8. Re1 Ne4 9. Qc2 Nc6 10. Nxe4 Nb4 11. Qb1 fxe4 12. Qxe4 e5 13. dxe5 Bf5 14. Qxb7 Rb8 15. Qa7 Nc2 16. Bd2 Nxa1 17. Rxa1 Rxb2 18. Bxa5 Qb8 19. Qxc7 Qxc7 20. Bxc7 dxe5 21. Bxe5 Rxe2 22. Re1 Rxa2 23. Bd4 Bb4 24. Rc1 Be4 25. Ne1 Re8 26. Be3 Bxe1 27. Rxe1 Bxg2 28. Kxg2 Rc2 29. Rc1 Rxc1 30. Bxc1 Rc8 31. Be3 Rxc4 32. h4 Kf7 33. Bd2 Kg6 34. Be3 Kf5 35. Bd2 h6 36. Be3 g5 37. hxg5 hxg5 38. Bb6 g4 39. Be3 Ke4 40. Bb6 1/2-1/2

[Event "NRW Class2 1011"]
[Site "Germany"]
[Date "2011.02.20"]
[Round "7.5"]
[White "Huelsmann, Josef"]
[Black "Krings, Christoph"]
[Result "1-0"]
[WhiteElo "2213"]
[BlackElo "2198"]
[PlyCount "77"]
[EventDate "2010.09.26"]
[EventType "team-tourn"]
[EventRounds "9"]
[EventCountry "GER"]
[SourceTitle "EXT 2012"]
[Source "ChessBase"]
[SourceDate "2011.11.24"]
[SourceVersion "1"]
[SourceVersionDate "2011.11.24"]
[SourceQuality "1"]
[WhiteTeam "Monheim"]
[BlackTeam "Erkenschwick"]
[WhiteTeamCountry "GER"]
[BlackTeamCountry "GER"]

1. d4 e6 2. e4 d5 3. e5 c5 4. c3 Nc6 5. Nf3 Qb6 6. Bd3 cxd4 7. cxd4 Bd7 8. 0-0 Nxd4 9. Nxd4 Qxd4 10. Qe2 a6 11. Kh1 Qh4 12. f4 Nh6 13. Nd2 Bc5 14. Nf3 Qe7 15. Bd2 Nf5 16. Rac1 Nd4 17. Nxd4 Bxd4 18. a3 Bc6 19. Bb4 Qc7 20. Rc2 g6 21. Qg4 h5 22. Qh4 Qd8 23. Qh3 Kd7 24. Bd6 f5 25. Qg3 h4 26. Qxg6 Qg8 27. Qf6 Re8 28. Rf3 Bb6 29. Bxf5 exf5 30. Rb3 Bd8 31. Qxf5+ Qe6 32. Qd3 Reg8 33. Rxc6 bxc6 34. Rb7+ Ke8 35. Qxa6 Qc8 36. Re7+ Bxe7 37. Qxc8+ Kf7 38. Qd7 Re8 39. Qf5+ 1-0

[Event "NRW Class2 1011"]
[Site "Germany"]
[Date "2010.10.24"]
[Round "2.5"]
[White "Krings, Christoph"]
[Black "Forchert, Niko"]
[Result "1/2-1/2"]
[WhiteElo "2198"]
[BlackElo "2191"]
[PlyCount "44"]
[EventDate "2010.09.26"]
[EventType "team-tourn"]
[EventRounds "9"]
[EventCountry "GER"]
[SourceTitle "EXT 2012"]
[Source "ChessBase"]
[SourceDate "2011.11.24"]
[SourceVersion "1"]
[SourceVersionDate "2011.11.24"]
[SourceQuality "1"]
[WhiteTeam "Erkenschwick"]
[BlackTeam "Bielefeld"]
[WhiteTeamCountry "GER"]
[BlackTeamCountry "GER"]

1. d4 d5 2. Nf3 Nf6 3. g3 Bf5 4. Bg2 e6 5. 0-0 Nbd7 6. c4 c6 7. Nc3 Be7 8. Nd2 0-0 9. b3 Qb6 10. Bb2 Bb4 11. a3 Be7 12. c5 Qc7 13. b4 e5 14. e3 h5 15. dxe5 Nxe5 16. e4 dxe4 17. Ndxe4 Rad8 18. Qb3 Nd3 19. Rad1 Nxb2 20. Qxb2 h4 21. Qe2 Rfe8 22. Rxd8 Rxd8 1/2-1/2

[Event "NRW Class2 1011"]
[Site "Germany"]
[Date "2010.09.26"]
[Round "1.5"]
[White "Hoeren, Andreas"]
[Black "Krings, Christoph"]
[Result "1/2-1/2"]
[WhiteElo "2140"]
[BlackElo "2198"]
[PlyCount "27"]
[EventDate "2010.09.26"]
[EventType "team-tourn"]
[EventRounds "9"]
[EventCountry "GER"]
[SourceTitle "EXT 2012"]
[Source "ChessBase"]
[SourceDate "2011.11.24"]
[SourceVersion "1"]
[SourceVersionDate "2011.11.24"]
[SourceQuality "1"]
[WhiteTeam "Koeln Lasker"]
[BlackTeam "Erkenschwick"]
[WhiteTeamCountry "GER"]
[BlackTeamCountry "GER"]

1. d4 e6 2. Nf3 f5 3. c4 Nf6 4. g3 Be7 5. Bg2 d6 6. 0-0 0-0 7. Nc3 a5 8. Re1 Ne4 9. Nxe4 fxe4 10. Nd2 d5 11. f3 exf3 12. Bxf3 c5 13. cxd5 exd5 14. Qb3 1/2-1/2

[Event "NRW Class2 0910"]
[Site "Germany"]
[Date "2010.04.25"]
[Round "9.2"]
[White "Krings, Christoph"]
[Black "Messarius, Juergen"]
[Result "1-0"]
[WhiteElo "2221"]
[BlackElo "2204"]
[PlyCount "67"]
[EventDate "2009.09.20"]
[EventType "team-tourn"]
[EventRounds "9"]
[EventCountry "GER"]
[SourceTitle "EXT 2011"]
[Source "ChessBase"]
[SourceDate "2010.11.26"]
[SourceVersion "1"]
[SourceVersionDate "2010.11.26"]
[SourceQuality "1"]
[WhiteTeam "Erkenschwick"]
[BlackTeam "Iserlohn Koenigsspringer"]
[WhiteTeamCountry "GER"]
[BlackTeamCountry "GER"]

1. d4 Nf6 2. Nf3 c5 3. d5 e6 4. c4 exd5 5. cxd5 d6 6. Nc3 g6 7. e4 Bg7 8. Bb5+ Bd7 9. 0-0 0-0 10. Bxd7 Nbxd7 11. a4 Re8 12. Qc2 c4 13. Be3 a6 14. h3 Qc7 15. Rfe1 Nc5 16. Bxc5 Qxc5 17. a5 Nd7 18. Ra4 Rac8 19. Nb1 f5 20. Na3 b5 21. axb6 Nxb6 22. Rxa6 fxe4 23. Rxe4 Qb4 24. Qe2 Rf8 25. Re7 Qxb2 26. Raa7 Qc1+ 27. Kh2 Be5+ 28. Nxe5 Qf4+ 29. g3 Qxf2+ 30. Qxf2 Rxf2+ 31. Kg1 Rf5 32. Rg7+ Kf8 33. Rxh7 Ke8 34. Nxg6 1-0

[Event "NRW Class2 0910"]
[Site "Germany"]
[Date "2010.03.21"]
[Round "8.3"]
[White "Krings, Christoph"]
[Black "Drenchev, Petar"]
[Result "0-1"]
[WhiteElo "2221"]
[BlackElo "2465"]
[PlyCount "70"]
[EventDate "2009.09.20"]
[EventType "team-tourn"]
[EventRounds "9"]
[EventCountry "GER"]
[SourceTitle "EXT 2011"]
[Source "ChessBase"]
[SourceDate "2010.11.26"]
[SourceVersion "1"]
[SourceVersionDate "2010.11.26"]
[SourceQuality "1"]
[WhiteTeam "Erkenschwick"]
[BlackTeam "Aachen Aufwaerts"]
[WhiteTeamCountry "GER"]
[BlackTeamCountry "GER"]

1. d4 Nf6 2. Nf3 g6 3. c4 Bg7 4. Nc3 d5 5. g3 0-0 6. Bg2 dxc4 7. 0-0 c6 8. a4 a5 9. e4 Nfd7 10. Qe2 Nb6 11. Rd1 Na6 12. Bf4 Bg4 13. Qe3 Nb4 14. Rd2 Bxf3 15. Bxf3 Nd3 16. e5 Nd5 17. Bxd5 cxd5 18. Bh6 Bxh6 19. Qxh6 f6 20. Qh3 Ra6 21. b3 fxe5 22. bxc4 dxc4 23. d5 Qb6 24. Rb1 Qd4 25. Nb5 Nf4 26. Nxd4 Nxh3+ 27. Kg2 exd4 28. Kxh3 c3 29. Rxd4 c2 30. Rc1 Rxf2 31. Rc4 Rd6 32. R1xc2 Rxc2 33. Rxc2 Rxd5 34. Rc7 Kf7 35. Rxb7 Rd4 0-1

[Event "NRW Class2 0910"]
[Site "Germany"]
[Date "2009.12.20"]
[Round "4.5"]
[White "Krings, Christoph"]
[Black "Horstmann, Olaf"]
[Result "0-1"]
[WhiteElo "2221"]
[BlackElo "2196"]
[PlyCount "34"]
[EventDate "2009.09.20"]
[EventType "team-tourn"]
[EventRounds "9"]
[EventCountry "GER"]
[SourceTitle "EXT 2011"]
[Source "ChessBase"]
[SourceDate "2010.11.26"]
[SourceVersion "1"]
[SourceVersionDate "2010.11.26"]
[SourceQuality "1"]
[WhiteTeam "Erkenschwick"]
[BlackTeam "Godesberg II"]
[WhiteTeamCountry "GER"]
[BlackTeamCountry "GER"]

1. d4 f5 2. Nf3 Nf6 3. c4 g6 4. g3 Bg7 5. Bg2 0-0 6. 0-0 d6 7. Nc3 c6 8. d5 e5 9. dxe6 Bxe6 10. Qd3 Re8 11. Ng5 Nbd7 12. Qxd6 Bxc4 13. Bf4 h6 14. Qb4 b5 15. Rad1 hxg5 16. Bxc6 gxf4 17. Bxa8 Bf8 0-1

[Event "NRW Class2 0910"]
[Site "Germany"]
[Date "2009.11.22"]
[Round "3.5"]
[White "Loemker, Michael"]
[Black "Krings, Christoph"]
[Result "0-1"]
[WhiteElo "2168"]
[BlackElo "2221"]
[PlyCount "100"]
[EventDate "2009.09.20"]
[EventType "team-tourn"]
[EventRounds "9"]
[EventCountry "GER"]
[SourceTitle "EXT 2011"]
[Source "ChessBase"]
[SourceDate "2010.11.26"]
[SourceVersion "1"]
[SourceVersionDate "2010.11.26"]
[SourceQuality "1"]
[WhiteTeam "Herford"]
[BlackTeam "Erkenschwick"]
[WhiteTeamCountry "GER"]
[BlackTeamCountry "GER"]

1. d4 e6 2. c4 f5 3. Nf3 Nf6 4. g3 d6 5. Bg2 Be7 6. 0-0 0-0 7. Nc3 a5 8. Qc2 Nc6 9. a3 e5 10. e3 Qe8 11. Nd5 Bd8 12. Bd2 Qh5 13. dxe5 dxe5 14. Bc3 e4 15. Nxf6+ Bxf6 16. Nd2 Be6 17. f3 exf3 18. Bxf3 Qf7 19. Rad1 Bg5 20. Rfe1 Rfe8 21. Kf2 Qe7 22. Qb3 Nd8 23. Bd4 c5 24. Be5 Bf7 25. Bf4 Bf6 26. e4 Bd4+ 27. Kf1 Qf6 28. exf5 Rxe1+ 29. Rxe1 Qxf5 30. Kg2 g5 31. Be3 a4 32. Qd1 Bxb2 33. Be4 Qe5 34. Qc2 Qg7 35. Bxg5 Qxg5 36. Qxb2 Ra6 37. Nf3 Qg7 38. Qd2 Ne6 39. Bxb7 Rb6 40. Be4 Rb2 41. Bc2 Bg6 42. Qd5 Rxc2+ 43. Kg1 Bf7 44. Ne5 Nf8 45. Qxc5 Qh6 46. Ng4 Qd2 47. Qf2 Qxf2+ 48. Nxf2 Bxc4 49. Ra1 Ne6 50. Ng4 Ng5 0-1

[Event "NRW Class1 0809"]
[Site "Germany"]
[Date "2008.11.09"]
[Round "3.5"]
[White "Rudolf, Anna"]
[Black "Krings, Christoph"]
[Result "1-0"]
[WhiteElo "2264"]
[BlackElo "2242"]
[PlyCount "59"]
[EventDate "2008.09.21"]
[EventType "tourn"]
[EventRounds "9"]
[EventCountry "GER"]
[SourceTitle "EXT 2010"]
[Source "ChessBase"]
[SourceDate "2010.11.25"]
[SourceVersion "1"]
[SourceVersionDate "2010.11.25"]
[SourceQuality "1"]
[WhiteTeam "Duesseldorf"]
[BlackTeam "Erckenschwick"]
[WhiteTeamCountry "GER"]
[BlackTeamCountry "GER"]

1. e4 e6 2. d4 d5 3. Nc3 Nf6 4. e5 Nfd7 5. f4 c5 6. Nf3 Nc6 7. Be3 cxd4 8. Nxd4 Nxd4 9. Bxd4 Bc5 10. Qd2 a6 11. 0-0-0 Qc7 12. Qf2 0-0 13. Bd3 Bxd4 14. Qxd4 b5 15. Kb1 Rb8 16. Qf2 Nc5 17. Qh4 Nxd3 18. Rxd3 b4 19. Ne2 a5 20. Rh3 h6 21. g4 d4 22. g5 Qd8 23. Rd1 Ba6 24. Nxd4 Rc8 25. Qg4 Qe7 26. Rxh6 Rfd8 27. Rh3 Qc5 28. Qh5 Kf8 29. Nxe6+ Ke7 30. Nxc5 1-0

[Event "NRW Class1 0809"]
[Site "Germany"]
[Date "2008.10.12"]
[Round "2.5"]
[White "Krings, Christoph"]
[Black "Seegers, Hendrik"]
[Result "0-1"]
[WhiteElo "2242"]
[BlackElo "2190"]
[PlyCount "100"]
[EventDate "2008.09.21"]
[EventType "tourn"]
[EventRounds "9"]
[EventCountry "GER"]
[SourceTitle "EXT 2010"]
[Source "ChessBase"]
[SourceDate "2010.11.25"]
[SourceVersion "1"]
[SourceVersionDate "2010.11.25"]
[SourceQuality "1"]
[WhiteTeam "Erckenschwick"]
[BlackTeam "Neuenkirchen"]
[WhiteTeamCountry "GER"]
[BlackTeamCountry "GER"]

1. d4 d5 2. Nf3 e6 3. g3 Bd6 4. Bg2 f5 5. 0-0 Nf6 6. c4 c6 7. Bf4 0-0 8. Nbd2 Ne4 9. c5 Bc7 10. Qc2 Bd7 11. b4 Be8 12. a4 Bh5 13. e3 Nd7 14. Nxe4 fxe4 15. Ng5 Re8 16. Bxc7 Qxg5 17. b5 e5 18. bxc6 bxc6 19. Rab1 exd4 20. exd4 Nf8 21. Bf4 Qe7 22. Qd2 Ne6 23. Bd6 Qf6 24. Be5 Qe7 25. Bd6 Qf6 26. Rb4 Rad8 27. Rfb1 Rd7 28. a5 Ng5 29. Qe3 h6 30. a6 Nf3+ 31. Kh1 Red8 32. h3 Rf7 33. Bxf3 Bxf3+ 34. Kh2 Bh5 35. R1b2 Qe6 36. Rb7 Rdd7 37. Rxd7 Rxd7 38. Rb7 Qf7 39. g4 Bg6 40. Qf4 Rxb7 41. axb7 Qxb7 42. Qf8+ Kh7 43. h4 e3 44. h5 Be4 45. g5 hxg5 46. h6 e2 47. Be7 Qc7+ 48. Kh3 Qd7+ 49. Kg3 Kxh6 50. Qh8+ Kg6 0-1

[Event "Ruhrgebiet Regionalliga 0405"]
[Site "Ruhrgebiet"]
[Date "2005.01.16"]
[Round "5.3"]
[White "Krings, Christoph"]
[Black "Wuenderlich, Robin"]
[Result "0-1"]
[WhiteElo "2169"]
[BlackElo "2067"]
[PlyCount "106"]
[EventDate "2004.09.19"]
[EventType "team-tourn"]
[EventRounds "9"]
[EventCountry "GER"]
[SourceTitle "EXT 2006"]
[Source "ChessBase"]
[SourceDate "2005.11.24"]
[SourceVersion "1"]
[SourceVersionDate "2005.11.24"]
[SourceQuality "1"]
[WhiteTeam "Erkenschwick"]
[BlackTeam "Berghofen Wambel"]
[WhiteTeamCountry "GER"]
[BlackTeamCountry "GER"]

1. d4 d5 2. Nf3 c6 3. c4 e6 4. Nc3 dxc4 5. g3 b5 6. a3 Bb7 7. Bg2 a6 8. e4 c5 9. d5 exd5 10. exd5 Bd6 11. 0-0 Ne7 12. Ng5 Nd7 13. Re1 0-0 14. Nce4 Be5 15. Nxh7 Kxh7 16. Ng5+ Kg6 17. Be4+ f5 18. Ne6 Qb6 19. Qg4+ Kh7 20. Qh4+ Kg8 21. Nxf8 Kxf8 22. Bg2 Nxd5 23. Bg5 N5f6 24. Bxf6 Bxf6 25. Qh8+ Kf7 26. Qh5+ Kg8 27. Bxb7 Qxb7 28. Qxf5 Rf8 29. Qe6+ Rf7 30. Re2 Nf8 31. Qg4 Qd7 32. Qh5 Bd4 33. Rae1 Qf5 34. Qxf5 Rxf5 35. Kg2 a5 36. f4 b4 37. Kf3 Rf7 38. Rc2 c3 39. bxc3 Bxc3 40. Re4 Rb7 41. Rc4 Bf6 42. Rxc5 b3 43. Rc1 b2 44. Rb1 Rb3+ 45. Ke2 Rxa3 46. Kd2 Ne6 47. Rc8+ Kf7 48. Kc2 Rf3 49. Rd1 a4 50. Rb8 Nc5 51. Rb5 Ne4 52. Rd7+ Kg6 53. Ra7 Rc3+ 0-1

[Event "Ruhrgebiet Regionalliga 0304"]
[Site "Ruhrgebiet"]
[Date "2004.05.02"]
[Round "9.5"]
[White "Becker, Martin Alexander"]
[Black "Krings, Christoph"]
[Result "1-0"]
[WhiteElo "2148"]
[BlackElo "2148"]
[PlyCount "119"]
[EventDate "2003.10.05"]
[EventType "team-tourn"]
[EventRounds "9"]
[EventCountry "GER"]
[SourceTitle "EXT 2007"]
[Source "ChessBase"]
[SourceDate "2006.11.23"]
[SourceVersion "1"]
[SourceVersionDate "2006.11.23"]
[SourceQuality "1"]
[WhiteTeam "Bochum 31 II"]
[BlackTeam "Erkenschwick"]
[WhiteTeamCountry "GER"]
[BlackTeamCountry "GER"]

1. e4 e6 2. d4 d5 3. Nc3 Nf6 4. Bg5 Be7 5. e5 Nfd7 6. h4 a6 7. Qg4 Bxg5 8. hxg5 c5 9. Nf3 cxd4 10. Qxd4 Nc6 11. Qf4 Qe7 12. 0-0-0 Nc5 13. Bd3 Bd7 14. Bxh7 0-0-0 15. Bd3 Rxh1 16. Rxh1 Be8 17. Kb1 Kb8 18. Ne2 Nxd3 19. cxd3 Nb4 20. Qd2 Bb5 21. Nc1 Rc8 22. Nd4 Qc5 23. Ndb3 Qe7 24. Rh4 a5 25. a3 Nc6 26. f4 a4 27. Na1 Qc5 28. Rh1 Ba6 29. Na2 Qb5 30. Rd1 d4 31. Nc2 Qb6 32. Ne1 Rh8 33. g3 Bb5 34. Nf3 Qa6 35. Ne1 g6 36. Qc2 Rc8 37. Qc5 Rd8 38. Rd2 Ka8 39. Nc1 Kb8 40. Rh2 b6 41. Qc2 Qb7 42. Rh7 Na5 43. Qd1 Bc6 44. Nc2 Bf3 45. Qg1 Nc6 46. Na2 Be2 47. Nc1 Bf3 48. Na2 Na5 49. Nc1 Nb3 50. Qf2 Nxc1 51. Kxc1 Qc6 52. Kb1 Bd1 53. Nb4 Qb7 54. Qe1 Bb3 55. Qh1 Rd7 56. Rh8+ Ka7 57. Nc6+ Ka6 58. Nb8+ Kb5 59. Qe1 Bc2+ 60. Ka1 1-0